000 00300 a2200157 4500
001 170990
020 _a
040 _cMagnum
100 _aQuintana, Mário
240 1 0 _aSapato furado
_lpor
245 1 0 _aSapato furado
362 0 _a1899
440 1 _aFTD
697 _aIJ/GERAL
942 _cBK
999 _c170990
_d170990